000 00692nam 22002533 4500
001 200566
021 _aPT
090 _a200566
100 _a20230124d u||y0pory50 ba
101 _apor
102 _aPT
200 _aEnseada amena
_fAugusto Abelaira
205 _a
210 _aAmadora
_cLivraria Bertrand
_d1965
215 _a303 p.
_d19 cm
_cBrochado
225 _aAutores Portugueses
300 _aRomance
317 _aOferta com dedicatória da escritora ao Prof. Dr. Almeida Faria
606 _923
_aLiteratura Portuguesa
_xPoesia
675 _a821.134.3-3
_vPT
_zpor
700 _92906
_aAbelaira
_bAugusto
_f1926-2003
801 _aPT
_bBMMN
_gRPC
830 _cAna
_fAna
990 _cLIVROS